Gouvernements français depuis la Première Restauration - Statistiques

Statistiques générales
  • Ce quiz a été pris 196 fois
    80 depuis la dernière actualisation
  • Le résultat moyen est 89 sur 232
Statistiques - réponses
Chef de l'éxecutif et dates du gouvernement Nom du gouvernement % Correct
Valéry Giscard d'Estaing - du 27 mai 1974 au 25 août 1976 Jacques Chirac 1
88%
François Mitterrand - du 20 mars 1986 au 10 mai 1988 Jacques Chirac 2
88%
Emmanuel Macron - du 15 mai 2017 au 19 juin 2017 Edouard Philippe 1
85%
Emmanuel Macron - du 21 juin 2017 au 3 juillet 2020 Edouard Philippe 2
85%
Emmanuel Macron - depuis le 9 janvier 2024 Gabriel Attal
85%
Charles de Gaulle - du 14 avril 1962 au 7 décembre 1962 Georges Pompidou 1
85%
Charles de Gaulle - du 7 décembre 1962 au 8 janvier 1966 Georges Pompidou 2
85%
Charles de Gaulle - du 8 janvier 1966 au 8 avril 1967 Georges Pompidou 3
85%
Charles de Gaulle - du 8 avril 1967 au 10 juillet 1968 Georges Pompidou 4
85%
Emmanuel Macron - 3 juillet 2020 au 16 mai 2022 Jean Castex
85%
Emmanuel Macron - 16 mai 2022 au 9 janvier 2024 Elisabeth Borne
83%
Jacques Chirac - du 4 juin 1997 au 6 mai 2002 Lionel Jospin
83%
Nicolas Sarkozy - du 18 mai 2007 au 18 juin 2007 François Fillon 1
80%
Nicolas Sarkozy - du 19 juin 2007 au 13 novembre 2010 François Fillon 2
80%
Nicolas Sarkozy - du 14 novembre 2010 au 10 mai 2012 François Fillon 3
80%
François Hollande - du 6 décembre 2016 au 10 mai 2017 Bernard Cazeneuve
73%
Gouvernement provisoire - du 10 septembre 1944 au 21 septembre 1945 Charles de Gaulle 1
73%
Gouvernement provisoire - du 21 novembre 1945 au 26 janvier 1946 Charles de Gaulle 2
73%
René Coty - du 1er juin 1958 au 8 janvier 1959 Charles de Gaulle 3
73%
François Mitterrand - 29 mars 1993 au 16 mai 1995 Edouard Balladur
73%
François Hollande - du 31 mars 2014 au 25 août 2014 Manuel Valls 1
73%
François Hollande - du 25 août 2014 au 6 décembre 2016 Manuel Valls 2
73%
Louis-Philippe Ier - du 22 février 1836 au 6 septembre 1836 Adolphe Thiers 1
71%
Louis-Philippe Ier - du 1er mars 1840 au 29 octobre 1840 Adolphe Thiers 2
71%
François Mitterrand - du 17 juillet 1984 au 20 mars 1986 Laurent Fabius
71%
Raymond Poincaré - du 20 janvier 1920 au 18 février 1920 Alexandre Millerand 1
68%
Paul Deschanel - du 18 février 1920 au 23 septembre 1920 Alexandre Millerand 2
68%
François Mitterrand - du 15 mai 1991 au 31 mars 1992 Edith Cresson
68%
Raymond Poincaré - du 9 décembre 1913 au 2 juin 1914 Gaston Doumergue 1
66%
Albert Lebrun - du 9 février 1934 au 8 novembre 1934 Gaston Doumergue 2
66%
Georges Pompidou - du 20 juin 1969 au 5 juillet 1972 Jacques Chaban Delmas
66%
Jacques Chirac - du 7 mai 2002 au 17 juin 2002 Jean-Pierre Raffarin 1
66%
Jacques Chirac - du 17 juin 2002 au 30 mars 2004 Jean-Pierre Raffarin 2
66%
Jacques Chirac - du 30 mars 2004 au 31 mai 2005 Jean-Pierre Raffarin 3
66%
François Mitterrand - du 10 mai 1988 au 22 juin 1988 Michel Rocard 1
66%
François Mitterrand - du 23 juin 1988 au 15 mai 1991 Michel Rocard 2
66%
Jacques Chirac - du 18 mai 1997 au 7 novembre 1997 Alain Juppé 1
63%
Jacques Chirac - du 7 novembre 1995 au 2 juin 1997 Alain Juppé 2
63%
Jacques Chirac - du 31 mai 2005 au 15 mai 2007 Dominique de Villepin
63%
Jules Grévy - du 23 septembre 1880 au 10 novembre 1881 Jules Ferry 1
63%
Jules Grévy - du 21 février 1883 au 30 mars 1885 Jules Ferry 2
63%
François Mitterrand - du 22 mai 1981 au 23 juin 1981 Pierre Mauroy 1
63%
François Mitterrand - du 23 juin 1981 au 23 mars 1983 Pierre Mauroy 2
63%
François Mitterrand - du 23 mars 1983 au 17 juillet 1984 Pierre Mauroy 3
63%
Valéry Giscard d'Estaing - du 27 août 1976 au 29 mars 1977 Raymond Barre 1
63%
Valéry Giscard d'Estaing - du 29 mars 1977 au 31 mars 1978 Raymond Barre 2
63%
Valéry Giscard d'Estaing - du 31 mars 1978 au 13 mai 1981 Raymond Barre 3
63%
Armand Fallières - du 25 octobre 1906 au 20 juillet 1909 Georges Clemenceau 1
61%
Raymond Poincaré - du 16 novembre 1917 au 18 janvier 1920 Georges Clemenceau 2
61%
François Hollande - du 15 mai 2012 au 18 juin 2012 Jean-Marc Ayrault 1
61%
François Hollande - du 18 juin 2012 au 31 mars 2014 Jean-Marc Ayrault 2
61%
Charles de Gaulle - du 9 janvier 1959 au 14 avril 1962 Michel Debré
61%
François Mitterrand - du 2 avril 1992 au 28 mars 1993 Pierre Bérégovoy
61%
Gaston Doumergue - du 27 janvier 1931 au 13 juin 1931 Pierre Laval 1
61%
Paul Doumer - du 13 juin 1931 au 12 janvier 1932 Pierre Laval 2
61%
Paul Doumer - du 14 janvier 1932 au 6 février 1932 Pierre Laval 3
61%
Albert Lebrun - du 7 juin 1935 au 22 janvier 1936 Pierre Laval 4
61%
Philippe Pétain - du 12 juillet 1940 au 13 décembre 1940 Pierre Laval 5
61%
Philippe Pétain - du 18 avril 1942 au 19 août 1944 Pierre Laval 6
61%
Armand Fallières - du 14 janvier 1912 au 21 janvier 1913 Raymond Poincaré 1
61%
Alexandre Millerand - du 15 janvier 1922 au 29 mars 1924 Raymond Poincaré 2
61%
Alexandre Millerand - du 29 mars 1924 au 1er juin 1924 Raymond Poincaré 3
61%
Gaston Doumergue - du 23 juillet 1926 au 6 novembre 1928 Raymond Poincaré 4
61%
Gaston Doumergue - du 18 novembre 1928 au 26 juillet 1929 Raymond Poincaré 5
61%
Sadi Carnot - du 27 février 1892 au 22 novembre 1892 Emile Loubet
59%
Albert Lebrun - du 4 juin 1936 au 21 juin 1937 Léon Blum 1
59%
Albert Lebrun - du 13 mars 1938 au 8 avril 1938 Léon Blum 2
59%
Gouvernement provisoire - du 18 décembre 1946 au 22 janvier 1947 Léon Blum 3
59%
René Coty - du 18 juin 1954 au 23 février 1955 Pierre Mendès-France
59%
Georges Pompidou - du 6 juillet 1972 au 5 avril 1973 Pierre Messmer 1
59%
Georges Pompidou - du 5 avril 1973 au 1er mars 1974 Pierre Messmer 2
59%
Georges Pompidou - du 1er mars 1974 au 27 mai 1974 Pierre Messmer 3
59%
Vincent Auriol - du 20 janvier 1952 au 22 février 1952 Edgar Faure 1
56%
René Coty - du 23 mars 1955 au 24 janvier 1956 Edgar Faure 2
56%
Albert Lebrun - du 16 juin 1940 au 11 juillet 1940 Philippe Pétain
56%
René Coty - du 31 janvier 1956 au 21 mai 1957 Guy Mollet
54%
Charles de Gaulle - du 10 juillet 1968 au 20 juin 1969 Maurice Couve de Murville
54%
Jules Grévy - du 29 janvier 1883 au 17 février 1883 Armand Fallières
51%
Armand Fallières - du 24 juillet 1909 au 2 novembre 1910 Aristide Briand 1
49%
Gaston Doumergue - du 23 juin 1926 au 17 juillet 1926 Aristide Briand 10
49%
Gaston Doumergue - du 29 juillet 1929 au 22 octobre 1929 Aristide Briand 11
49%
Armand Fallières - du 4 novembre 1910 au 27 février 1911 Aristide Briand 2
49%
Armand Fallières - du 21 janvier 1913 au 18 février 1913 Aristide Briand 3
49%
Raymond Poincaré - du 18 février 1913 au 22 mars 1913 Aristide Briand 4
49%
Raymond Poincaré - du 29 octobre 1915 au 12 décembre 1916 Aristide Briand 5
49%
Raymond Poincaré - du 12 décembre 1916 au 17 mars 1917 Aristide Briand 6
49%
Alexandre Millerand - du 16 janvier 1921 au 12 janvier 1922 Aristide Briand 7
49%
Gaston Doumergue - du 28 novembre 1925 au 6 mars 1926 Aristide Briand 8
49%
Gaston Doumergue - du 9 mars 1926 au 15 juin 1926 Aristide Briand 9
49%
Jules Grévy - du 14 novembre 1881 au 26 janvier 1882 Léon Gambetta
49%
Napoléon II - du 23 juin 1815 au 7 juillet 1815 Commission Napoléon II
46%
Albert Lebrun - du 31 janvier 1933 au 24 octobre 1933 Edouard Daladier 1
46%
Albert Lebrun - du 30 janvier 1934 au 7 février 1934 Edouard Daladier 2
46%
Albert Lebrun - du 12 avril 1938 au 11 mai 1939 Edouard Daladier 3
46%
Albert Lebrun - du 11 mai 1939 au 14 septembre 1939 Edouard Daladier 4
46%
Albert Lebrun - du 14 septembre 1939 au 20 mars 1940 Edouard Daladier 5
46%
Napoléon Ier - du 20 mars 1815 au 22 juin 1815 Gouvernement des Cent-Jours
46%
Patrice de Mac-Mahon - du 24 mai 1873 au 24 novembre 1873 Albert de Broglie 1
44%
Patrice de Mac-Mahon - du 26 novembre 1873 au 16 mai 1874 Albert de Broglie 2
44%
Patrice de Mac-Mahon - du 17 mai 1877 au 19 novembre 1877 Albert de Broglie 3
44%
Sadi Carnot - du 3 décembre 1893 au 22 mai 1894 Jean-Casimir Perier
44%
René Coty - du 13 mai 1958 au 28 mai 1958 Pierre Pflimlin
44%
Louis-Philippe Ier - du 12 mars 1835 au 22 février 1836 Victor de Broglie
44%
Louis-Napoléon Bonaparte - du 3 décembre 1851 au 22 janvier 1852 Louis-Napoléon Bonaparte 1
39%
Louis-Napoléon Bonaparte - du 22 janvier 1952 au 2 décembre 1952 Louis-Napoléon Bonaparte 2
39%
Napoléon III - du 2 décembre 1952 au 17 juillet 1969 Louis-Napoléon Bonaparte 3
39%
Napoléon III - du 17 juillet 1869 au 27 décembre 1869 Louis-Napoléon Bonaparte 4
39%
Albert Lebrun - du 22 mars 1940 au 16 juin 1940 Paul Reynaud
39%
Emile Loubet - du 22 juin 1899 au 3 juin 1902 Pierre Waldeck-Rousseau
39%
Vincent Auriol - du 24 novembre 1947 au 19 juillet 1948 Robert Schuman 1
39%
Vincent Auriol - du 5 septembre 1948 au 7 septembre 1948 Robert Schuman 2
39%
Gaston Doumergue - du 14 juin 1924 au 10 avril 1925 Edouard Herriot 1
37%
Gaston Doumergue - du 19 juillet 1926 au 21 juillet 1926 Edouard Herriot 2
37%
Albert Lebrun - du 3 juin 1932 au 14 décembre 1932 Edouard Herriot 3
37%
Vincent Auriol - du 11 septembre 1948 au 5 octobre 1949 Henri Queuille 1
34%
Vincent Auriol - du 10 mars 1951 au 10 juillet 1951 | Vincent Auriol - du 2 juillet 1950 au 4 juillet 1950 Henri Queuille 3
34%
Louis Eugène Cavaignac - du 28 juin 1848 au 20 décembre 1848 Louis Eugène Cavaignac
34%
Philippe Pétain - du 10 février 1941 au 18 avril 1942 François Darlan
32%
Vincent Auriol - du 12 juillet 1950 au 28 février 1951 René Pleven 1
32%
Vincent Auriol - du 11 août 1951 au 7 janvier 1952 René Pleven 2
32%
Vincent Auriol - du 8 mars 1952 au 23 décembre 1952 Antoine Pinay
29%
Gaston Doumergue - du 21 février 1930 au 25 février 1930 Camille Chautemps 1
29%
Albert Lebrun - du 26 novembre 1933 au 27 janvier 1934 Camille Chautemps 2
29%
Albert Lebrun - du 29 juin 1937 au 14 janvier 1938 Camille Chautemps 3
29%
Albert Lebrun - du 18 janvier 1938 au 10 mars 1938 Camille Chautemps 4
29%
Louis-Philippe Ier - du 13 mars 1831 au 16 mai 1832 Casimir Perier
29%
Emile Loubet - du 7 juin 1902 au 24 janvier 1905 Emile Combes
29%
Vincent Auriol - du 22 janvier 1947 au 21 octobre 1947 Paul Ramadier 1
29%
Vincent Auriol - du 22 octobre 1947 au 19 novembre 1947 Paul Ramadier 2
29%
Albert Lebrun - du 8 novembre 1934 au 31 mai 1935 Pierre-Etienne Flandin 1
29%
Philippe Pétain - du 13 décembre 1940 au 9 février 1941 Pierre-Etienne Flandin 2
29%
Albert Lebrun - du 26 octobre 1933 au 24 novembre 1933 Albert Sarraut 1
27%
Albert Lebrun - du 24 janvier 1936 au 4 juin 1936 Albert Sarraut 2
27%
Gaston Doumergue - du 3 novembre 1929 au 17 février 1930 André Tardieu 1
27%
Gaston Doumergue - du 2 mars 1930 au 4 décembre 1930 André Tardieu 2
27%
Paul Doumer - du 20 février 1932 au 10 mai 1932 André Tardieu 3
27%
Louis XVIII - du 9 juillet 1815 au 26 septembre 1815 Charles-Maurice de Talleyrand-Périgord
27%
Louis-Philippe Ier - du 18 septembre 1847 au 24 février 1848 François-Pierre Guizot
27%
Louis XVIII - du 3 avril 1814 au 14 avril 1814 Gouvernement provisoire
27%
Louis-Philippe Ier - du 11 octobre 1832 au 18 juillet 1834 Nicolas Jean-de-Dieu Soult 1
27%
Louis-Philippe Ier - du 12 mai 1839 au 1er mars 1840 Nicolas Jean-de-Dieu Soult 2
27%
Louis-Philippe Ier - du 29 octobre 1840 au 18 septembre 1847 Nicolas Jean-de-Dieu Soult 3
27%
Raymond Poincaré - du 12 septembre 1917 au 13 novembre 1917 Paul Painlevé 1
27%
Gaston Doumergue - du 17 avril 1925 au 27 octobre 1925 Paul Painlevé 2
27%
Gaston Doumergue - du 29 octobre 1925 au 22 novembre 1925 Paul Painlevé 3
27%
Louis-Philippe Ier - du 11 août 1830 au 2 novembre 1830 Premier ministère
27%
Raymond Poincaré - du 13 juin 1914 au 26 août 1914 René Viviani
27%
Raymond Poincaré - du 26 août 1914 au 29 octobre 1915 René Viviani 2
27%
Gouvernement provisoire - du 24 juin 1946 au 28 novembre 1946 Georges Bidault 1
24%
Vincent Auriol - du 28 octobre 1949 au 7 février 1950 Georges Bidault 2
24%
Vincent Auriol - du 7 février 1950 au 24 juin 1950 Georges Bidault 3
24%
Patrice de Mac-Mahon - du 12 décembre 1876 au 16 mai 1877 Jules Simon
24%
Louis-Philippe Ier - du 1er août 1830 au 11 août 1830 Ministère provisoire
24%
Louis XVIII - du 26 septembre 1815 au 29 décembre 1818 Armand du Plessis de Richelieu 1
22%
Louis XVIII - du 20 février 1820 au 14 décembre 1821 Armand du Plessis de Richelieu 2
22%
Jules Grévy - du 28 décembre 1879 au 19 septembre 1880 Charles de Freycinet 1
22%
Jules Grévy - du 30 janvier 1883 au 29 juillet 1883 Charles de Freycinet 2
22%
Jules Grévy - du 7 janvier 1886 au 3 décembre 1886 Charles de Freycinet 3
22%
Sadi Carnot - du 17 mars 1890 au 18 février 1892 Charles de Freycinet 4
22%
Sadi Carnot - du 4 avril 1893 au 24 novembre 1893 Charles Dupuy 1
22%
Jean Casimir-Perier - du 30 mai 1894 au 25 juin 1894 Charles Dupuy 2
22%
Jean Casimir-Perier - du 1er juillet 1894 au 15 janvier 1895 Charles Dupuy 3
22%
Félix Faure - du 1er novembre 1898 au 18 février 1899 Charles Dupuy 4
22%
Emile Loubet - du 18 février 1899 au 12 juin 1899 Charles Dupuy 5
22%
Vincent Auriol - du 26 juillet 1948 au 27 août 1948 André Marie
20%
Vincent Auriol - du 27 juin 1953 au 16 janvier 1954 Joseph Laniel 1
20%
René Coty - du 16 janvier 1954 au 12 juin 1954 Joseph Laniel 2
20%
Charles X - du 8 août 1829 au 29 juillet 1830 Jules de Polignac
20%
Adolphe Thiers - du 19 février 1871 au 18 mai 1873 Jules Dufaure 1
20%
Adolphe Thiers - du 18 mai 1873 au 24 mai 1873 Jules Dufaure 2
20%
Patrice de Mac-Mahon - du 23 février 1876 au 9 mars 1876 Jules Dufaure 3
20%
Patrice de Mac-Mahon - du 9 mars 1876 au 2 décembre 1876 Jules Dufaure 4
20%
Patrice de Mac-Mahon - du 13 décembre 1877 au 30 janvier 1879 Jules Dufaure 5
20%
Sadi Carnot - du 6 décembre 1892 au 10 janvier 1993 Alexandre Ribot 1
17%
Sadi Carnot - du 11 janvier 1893 au 30 mars 1893 Alexandre Ribot 2
17%
Félix Faure - du 26 janvier 1895 au 26 octobre 1895 Alexandre Ribot 3
17%
Raymond Poincaré - du 9 juin 1914 au 12 juin 1914 Alexandre Ribot 4
17%
Raymond Poincaré - du 20 mars 1917 au 7 septembre 1917 Alexandre Ribot 5
17%
Louis Jules Trochu - du 4 septembre 1870 au 18 février 1871 Défense nationale
17%
René Coty - du 6 novembre 1957 au 15 avril 1958 Felix Gaillard
17%
François Arago - du 9 mai 1848 au 28 juin 1848 Commission exécutive
15%
Louis-Philippe Ier - du 18 novembre 1834 au 12 mars 1835 Edouard-Adolphe Mortier
15%
Gaston Doumergue - du 13 décembre 1930 au 22 janvier 1931 Théodore Steeg
15%
Louis XVIII - du 19 novembre 1819 au 20 février 1820 Elie Decazes
12%
Albert Lebrun - du 1er juin 1935 au 4 juin 1935 Fernand Bouisson
12%
Jacques Charles Dupont de l'Eure - du 24 février 1848 au 9 mai 1848 | Louis XVIII - du 14 avril 1814 au 2 mai 1814 Gouvernement provisoire
12%
René Coty - du 12 juin 1957 au 30 septembre 1957 Maurice Bourgès-Maunoury
12%
Louis-Napoléon Bonaparte - du 20 décembre 1858 au 14 mai 1849 Odilon Barrot 1
12%
Louis-Napoléon Bonaparte - du 2 juin 1849 au 31 octobre 1849 Odilon Barrot 2
12%
Vincent Auriol - du 8 janvier 1953 au 21 mai 1953 René Mayer
12%
Napoléon III - du 2 janvier 1870 au 10 août 1870 Emile Ollivier
10%
Gouvernement provisoire - du 26 janvier 1946 au 12 juin 1946 Félix Gouin
10%
Alexandre Millerand - du 8 juin 1924 au 10 juin 1924 Frédéric François-Marsal
10%
Jules Grévy - du 6 mars 1885 au 29 décembre 1885 Henri Brisson 1
10%
Félix Faure - du 28 juin 1898 au 26 octobre 1898 Henri Brisson 2
10%
Louis-Philippe Ier - du 2 novembre 1830 au 13 mars 1831 Jacques Laffitte
10%
Armand Fallières - du 27 juin 1911 au 11 janvier 1912 Joseph Caillaux
10%
Félix Faure - du 28 avril 1896 au 28 juin 1898 Jules Méline
10%
Louis-Napoléon Bonaparte - du 10 avril 1851 au 26 octobre 1851 Léon Faucher
10%
Raymond Poincaré - du 22 mars 1913 au 2 décembre 1913 Louis Barthou
10%
Patrice de Mac-Mahon - du 10 mars 1875 au 23 février 1876 Louis Buffet
10%
Louis-Philippe Ier - du 6 septembre 1836 au 15 avril 1837 Louis Mathieu Molé 1
10%
Louis-Philippe Ier - du 15 avril 1837 au 31 mars 1839 Louis Mathieu Molé 2
10%
Jules Grévy - du 4 février 1879 au 21 décembre 1879 William Henri Waddington
10%
Charles X - le 29 juillet 1830 Casimir de Rochechouart
7%
Napoléon III - du 10 août 1870 au 4 septembre 1870 Charles Cousin-Montauban
7%
Patrice de Mac-Mahon - du 22 mai 1874 au 10 mars 1875 Ernest Courtot de Cissey
7%
Armand Fallières - du 14 mars 1906 au 20 octobre 1906 Ferdinand Sarrien
7%
Patrice de Mac-Mahon - du 23 novembre 1877 au 13 décembre 1877 Gaétan de Rochebouët
7%
Louis XVIII - du 2 mai 1814 au 20 mars 1815 Gouvernement de la Première Restauration
7%
Louis-Napoléon Bonaparte - du 31 octobre 1849 au 24 janvier 1851 Hautpoul
7%
Louis XVIII, puis Charles X - du 14 décembre 1821 au 4 janvier 1828 Joseph de Villèle
7%
Jules Grévy - du 11 décembre 1886 au 17 mai 1887 René Goblet
7%
Jules Grévy - du 7 août 1882 au 28 janvier 1883 Charles Duclerc
5%
Sadi Carnot - du 3 avril 1888 au 14 février 1889 Charles Floquet
5%
Louis-Napoléon Bonaparte - du 26 octobre 1851 au 2 décembre 1851 Dernier ministère
5%
Armand Fallières - du 2 mars 1911 au 23 juin 1911 Ernest Monis
5%
Louis-Philippe Ier - du 18 juillet 1834 au 10 novembre 1834 Etienne Maurice
5%
Alexandre Millerand - du 24 septembre 1920 au 12 janvier 1921 Georges Leygues
5%
Louis-Philippe Ier - du 10 novembre 1834 au 18 novembre 1834 Hugues-Bernard Maret
5%
Charles X - du 4 janvier 1928 au 8 août 1829 Jean-Baptiste de Martignac
5%
Louis XVIII - du 29 décembre 1818 au 19 novembre 1819 Jean-Joseph Dessolles
5%
Félix Faure - du 1er novembre 1895 au 23 avril 1896 Léon Bourgeois
5%
Jules Grévy - du 30 mai 1887 au 4 décembre 1887 Maurice Rouvier 1
5%
Emile Loubet - du 24 janvier 1905 au 18 février 1906 Maurice Rouvier 2
5%
Armand Fallières - du 18 février 1906 au 7 mars 1906 Maurice Rouvier 3
5%
Louis-Napoléon Bonaparte - du 24 janvier 1851 au 10 avril 1851 Petit ministère
5%
Sadi Carnot - du 11 décembre 1887 au 30 mars 1888 Pierre Tirard 1
5%
Sadi Carnot - du 22 février 1889 au 13 mars 1890 Pierre Tirard 2
5%
Louis-Philippe Ier - du 31 mars 1839 au 12 mai 1839 Adrien de Gasparin
2%
Aucun quiz correspondant
Distribution des résultats
% des personnes avec chaque résultat
Percentile par nombre de réponses
Votre historique - résultats
Vous n’avez pas pris ce quiz depuis la dernière actualisation